000 00276nam a22001337a 4500
020 _a81-200-0026-9
041 _aENG
100 _aJagdish Lal
245 _aHydraulic Machines
260 _aDelhi
_bMetropolitan Book
_c1997
300 _a585
650 _aIDE
856 _uIDE
999 _c332
_d332